000 00417nam a2200157Ia 4500
005 20250508150413.0
008 008 250505s9999 xx 000 0 eng d
037 _aBooks to be hide in OPAC
040 _aFEDL
_beng
_cFEDL
041 _aeng
_2eng
084 _a900, NEW/O
_qFEDL
245 0 _aNew illustrated world history
300 _a1352p.
942 _cHB
_h900, NEW/O
999 _c1323461
_d1323461